Edward the first (Record no. 1948)
[ view plain ]
| 000 -LEADER | |
|---|---|
| fixed length control field | 00695nam a2200157Ia 4500 |
| 008 - FIXED-LENGTH DATA ELEMENTS--GENERAL INFORMATION | |
| fixed length control field | 210331s9999||||xx |||||||||||||| ||und|| |
| 040 ## - CATALOGING SOURCE | |
| Transcribing agency | STCPL |
| 082 ## - DEWEY DECIMAL CLASSIFICATION NUMBER | |
| Classification number | 940.19 |
| Item number | TOU-E |
| 100 ## - MAIN ENTRY--PERSONAL NAME | |
| Personal name | Tout T F |
| 245 #0 - TITLE STATEMENT | |
| Title | Edward the first |
| 260 ## - PUBLICATION, DISTRIBUTION, ETC. | |
| Place of publication, distribution, etc. | Trichur |
| Name of publisher, distributor, etc. | Macmillan And Co. |
| Date of publication, distribution, etc. | 1893 |
| 300 ## - PHYSICAL DESCRIPTION | |
| Extent | P- 238 19 CM |
| 650 ## - SUBJECT ADDED ENTRY--TOPICAL TERM | |
| Topical term or geographic name entry element | GeneralThrough Stormy Seas, In The Pack, The Packtur To The North Science In The Ice, Land, Land At Last, Reach Cape Crozier, Setting In, Depot Laying To One Ton Camp, Adventure, And Peril, At Discovery Hut, Home Impressions And An Excursion, The Work And The Workers, In Winter Quarters Last Weeks At Cape Evens, Preparations Midnight Lunches |
| 942 ## - ADDED ENTRY ELEMENTS (KOHA) | |
| Koha item type | Books |
| 041 ## - LANGUAGE CODE | |
| Language code of original | English |
| Withdrawn status | Lost status | Damaged status | Not for loan | Home library | Current library | Shelving location | Date acquired | Cost, normal purchase price | Total Checkouts | Full call number | Barcode | Date last seen | Price effective from | Koha item type |
|---|---|---|---|---|---|---|---|---|---|---|---|---|---|---|
| ST. THOMAS COLLEGE LIBRARY, PALAI | ST. THOMAS COLLEGE LIBRARY, PALAI | 2021-07-10 | 1.84 | 940.19 TOU-E | 2933 | 2021-07-10 | 2021-07-10 | Books |
